书目信息 |
| 题名: |
南方哈密瓜
|
|
| 作者: | 曾立红 主编 | |
| 分册: | ||
| 出版信息: | 北京 中国农业科学技术出版社 2015.01 |
|
| 页数: | 212页 | |
| 开本: | 21cm | |
| 丛书名: | ||
| 单 册: | ||
| 中图分类: | S652.1 | |
| 科图分类: | ||
| 主题词: | 哈密瓜--研究 | |
| 电子资源: | ||
| ISBN: | 978-7-5116-1953-2 | |
| 000 | 00773nam0 2200217 450 | |
| 001 | 4993 | |
| 005 | 20181013170423.72 | |
| 010 | @a978-7-5116-1953-2@dCNY38.00 | |
| 100 | @a20150601d2015 em y0chiy50 ea | |
| 101 | 0 | @achi |
| 102 | @aCN@b110000 | |
| 105 | @aa z 000yy | |
| 200 | 1 | @a南方哈密瓜@9nan fang ha mi gua@f曾立红主编 |
| 210 | @a北京@c中国农业科学技术出版社@d2015.01 | |
| 215 | @a212页@c照片@d21cm | |
| 330 | @a本书概述了哈密瓜的历史与由来、哈密瓜的营养价值、发展南方哈密瓜生产的经济意义与社会效益;论述了南方哈密瓜的生物学特性;详细介绍了南方大棚栽培哈密瓜一年两熟的无公害生产技术及其采收与贮运技术。 | |
| 606 | 0 | @a哈密瓜@x研究 |
| 690 | @aS652.1@v5 | |
| 701 | 0 | @a曾立红@9zeng li hong@4主编 |
| 801 | 0 | @aCN@b91MARC@c20150601 |
| 905 | @aMuseLib@dS652.1@e482 | |
| 南方哈密瓜/曾立红主编.-北京:中国农业科学技术出版社,2015.01 |
| 212页:照片;21cm |
| ISBN 978-7-5116-1953-2:CNY38.00 |
| 本书概述了哈密瓜的历史与由来、哈密瓜的营养价值、发展南方哈密瓜生产的经济意义与社会效益;论述了南方哈密瓜的生物学特性;详细介绍了南方大棚栽培哈密瓜一年两熟的无公害生产技术及其采收与贮运技术。 |
| ● |
| 相关链接 |
|
|
|
|
正题名:南方哈密瓜
索取号:S652.1/482
 
预约/预借
| 序号 | 登录号 | 条形码 | 馆藏地/架位号 | 状态 | 备注 |
| 1 | 1127614 | 211276144 | 第二样本阅览室/ [索取号:S652.1/482] | 在馆 | |
| 2 | 1127615 | 211276153 | 第三借阅区/ [索取号:S652.1/482] | 在馆 | |
| 3 | 1127616 | 211276162 | 第三借阅区/ [索取号:S652.1/482] | 在馆 | |
| 4 | 1127617 | 211276171 | 第三借阅区/ [索取号:S652.1/482] | 在馆 | |
| 5 | 1127618 | 211276180 | 生命科学系资料室/ [索取号:S652.1/482] | 在馆 |